000 01025nam a2200277Ia 4500
003 OSt
005 20221005110539.0
006 a|||||r|||| 00| 0
007 ta
008 221004b |||||||| |||| 00| 0 san d
020 _a9789386246387 (hbk)
_cINR 900.00
024 _a44903
037 _b929/19, 29/01/2019, Literacy House
_cTextual
040 _aCRL
_cCRL
_bsan
041 _2san
_asan
082 _aO15,1x, 152Q8
100 _aमिश्र, निरंजन, ले.
245 0 _aरमणीयादपि रमणीयम्
246 _aRamaṇīyādapi ramaṇīyam
260 _aनई दिल्ली
_bप्रगतिशील प्रकाशन भारत
_c2018
300 _a319पृ0
_ccm.
650 _a संस्कृत साहित्य
650 _aसंस्कृत कविता
942 _hO15,1x, 152Q8
_cTEXL
_2cc
999 _c1019163
_d1019163